Score 0/12 Timer 01:00
0 Plays Today
% Correct
Dallas
92%
The Love Boat
91.1%
M*A*S*H
90.7%
Battlestar Galactica
88.7%
Happy Days
87%
The Dukes of Hazzard
85.8%
All in the Family
84.5%
Charlie's Angels
80.1%
CHiPs
78.7%
Diff'rent Strokes
77%
Mork & Mindy
71.9%
Good Times
68%

Today's Daily Dose

You're not logged in!

Compare scores with friends on all Sporcle quizzes.
OR
Log In

Sporcle TV

Today on Sporcle TV


Watch our educational content, quiz creation guides, and fun videos on Sporcle TV.

Show Comments

Extras

Top Quizzes Today


Score Distribution

Paid Content

Your Account Isn't Verified!

In order to create a playlist on Sporcle, you need to verify the email address you used during registration. Go to your Sporcle Settings to finish the process.

Report this User

Report this user for behavior that violates our Community Guidelines.

Details: